Exploding superstars (Record no. 18711)

MARC details
000 -LEADER
fixed length control field 00606nam a2200205Ia 4500
003 - CONTROL NUMBER IDENTIFIER
control field IN-BaIIA
008 - FIXED-LENGTH DATA ELEMENTS--GENERAL INFORMATION
fixed length control field 211028s9999 xx 000 0 eng d
020 ## - INTERNATIONAL STANDARD BOOK NUMBER
International Standard Book Number 978-0-387-09547-9
040 ## - CATALOGING SOURCE
Transcribing agency IIA Library
080 ## - UNIVERSAL DECIMAL CLASSIFICATION NUMBER
Universal Decimal Classification number 524.352
Item number MAZ
100 ## - MAIN ENTRY--PERSONAL NAME
Personal name Mazure, Alain
9 (RLIN) 35809
245 #0 - TITLE STATEMENT
Title Exploding superstars
Remainder of title understanding supernovae and gamma-ray bursts
Statement of responsibility, etc. Alain Mazure and Stephane Basa
260 ## - PUBLICATION, DISTRIBUTION, ETC.
Place of publication, distribution, etc. Berlin
Name of publisher, distributor, etc. Springer
Date of publication, distribution, etc. 2009
300 ## - PHYSICAL DESCRIPTION
Extent xii, 154p.
650 ## - SUBJECT ADDED ENTRY--TOPICAL TERM
Topical term or geographic name entry element Exploding Universe
9 (RLIN) 35810
650 ## - SUBJECT ADDED ENTRY--TOPICAL TERM
Topical term or geographic name entry element Super Stars
9 (RLIN) 35811
650 ## - SUBJECT ADDED ENTRY--TOPICAL TERM
Topical term or geographic name entry element Supernova
9 (RLIN) 15816
700 ## - ADDED ENTRY--PERSONAL NAME
Personal name Basa, Stephane
9 (RLIN) 35812
942 ## - ADDED ENTRY ELEMENTS (KOHA)
Koha item type Books
Holdings
Withdrawn status Lost status Damaged status Not for loan Home library Current library Shelving location Date acquired Source of acquisition Cost, normal purchase price Total Checkouts Full call number Barcode Date last seen Date last checked out Cost, replacement price Price effective from Koha item type Purchase Price
        IIA Library-Bangalore IIA Library-Bangalore General Stacks 09/05/2013 BBI 2138.88 5 524.352/ MAZ 19633 17/06/2025 11/12/2024 2138.88 09/05/2013 Books Rs. 2138.88

Powered by Koha